000 00644nam a22002417a 4500
003 UA-OsUOA
001 45654
007 ta
008 20111024b un ||||| |||| 00| 0 ukr d
100 _aКовалів П.
090 _a23-28
_bК56
942 _cBR
040 _aUA-OsUOA
_bukr
_cUA-OsUOA
_dUA-OsUOA
245 _aВіра й наука
300 _a32 с.
955 _a4
041 _aukr
080 _a23-28
260 _aВінніпег
_c1962
650 7 _a2 Релігія. Теологія.
_2UDC
999 _c425758
_d425758